Guidelines of engineering practice for braced and tied-back excavations /

Bibliographic Details
Corporate Author: American Society of Civil Engineers. Committee on Earth Retaining Structures
Format: Book
Language:English
Published: Reston, Va. : American Society of Civil Engineers, 1997.
Series:Geotechnical special publication ; no. 74.
Subjects:

MARC

Tag First Indicator Second Indicator Subfields
LEADER 00000cam a2200000 a 4500
001 in00001402824
005 20151020053044.0
008 970805s1997 nyua b 001 0 eng
010 |a  97036244  
020 |a 0784402930 
035 |a (OCoLC)37457938 
035 |9 AHM6850AM 
040 |a DLC  |c DLC  |d TXA  |d UtOrBLW 
049 |a TXAM 
050 0 0 |a TA730  |b .A44 1997 
082 0 0 |a 624.1/52  |2 21 
110 2 |a American Society of Civil Engineers.  |b Committee on Earth Retaining Structures. 
245 1 0 |a Guidelines of engineering practice for braced and tied-back excavations /  |c by the Committee on Earth Retaining Structures of the Geo-Institute of the American Sociey of Civil Engineers. 
264 1 |a Reston, Va. :  |b American Society of Civil Engineers,  |c 1997. 
300 |a xiii, 140 pages :  |b illustrations ;  |c 22 cm. 
336 |a text  |b txt  |2 rdacontent 
337 |a unmediated  |b n  |2 rdamedia 
338 |a volume  |b nc  |2 rdacarrier 
490 1 |a Geotechnical special publication ;  |v no. 74 
504 |a Includes bibliographical references and index. 
650 0 |a Excavation. 
650 0 |a Retaining walls. 
650 0 |a Shoring and underpinning. 
830 0 |a Geotechnical special publication ;  |v no. 74. 
999 |a MARS 
999 f f |s 6ab19bda-5292-304b-aa91-a606ad9648eb  |i 7ba07a9d-201a-339b-a35d-2ddc9196ed77  |t 0 
952 f f |p ric  |a Texas A&M University  |b Rellis Campus  |c Joint Library Facility  |d Remote Storage  |t 0  |e TA730 .A44 1997  |h Library of Congress classification  |i unmediated -- volume  |m A14821548866 
998 f f |a TA730 .A44 1997  |t 0  |l Remote Storage